Prelude to the presidency in India (Record no. 343460)

000 -LEADER
fixed length control field 00387cam a22001337a 4500
008 - FIXED-LENGTH DATA ELEMENTS--GENERAL INFORMATION
fixed length control field 180718b1977 xxu||||| |||| 00| 0 eng d
082 ## - DEWEY DECIMAL CLASSIFICATION NUMBER
Classification number I210x54 D26
100 ## - MAIN ENTRY--PERSONAL NAME
Personal name Das, B.C.
245 ## - TITLE STATEMENT
Title Prelude to the presidency in India
Statement of responsibility, etc. by B.C. Das
260 ## - PUBLICATION, DISTRIBUTION, ETC.
Place of publication, distribution, etc. New Delhi
Name of publisher, distributor, etc. Ashish
Date of publication, distribution, etc. 1977
300 ## - PHYSICAL DESCRIPTION
Extent 142p.
650 ## - SUBJECT ADDED ENTRY--TOPICAL TERM
Topical term or geographic name entry element India --Politics and government
650 ## - SUBJECT ADDED ENTRY--TOPICAL TERM
Topical term or geographic name entry element Executive power --India --History
Holdings
Withdrawn status Lost status Damaged status Not for loan Permanent Location Current Location Date acquired Full call number Barcode Date last seen Price effective from Koha item type
        Indian Institute of Public Administration Indian Institute of Public Administration 1993-09-29 I210x54 D26 52243 2018-07-21 2018-07-21 Book

Powered by Koha